[Event "GBR-ch82"]
[Site "Swansea"]
[Date "1995.08.01"]
[Round "2"]
[White "Byway, Paul V"]
[Black "Pert, Nicholas"]
[Result "0-1"]
[WhiteElo "2245"]
[BlackElo "2160"]
[PlyCount "78"]
[EventDate "1995.07.31"]
[EventType "swiss"]
[EventRounds "11"]
[EventCountry "GBR"]
[SourceTitle "BritBase"]
[Source "John Saunders"]
[SourceDate "2023.06.01"]
[SourceVersion "1"]
[SourceVersionDate "2023.06.01"]
[SourceQuality "1"]

1. d4 e6 2. e4 d5 3. e5 c5 4. c3 Nc6 5. Nf3 Bd7 6. a3 c4 7. Be2 Nge7 8. Nbd2
Nc8 9. O-O Be7 10. b3 cxb3 11. c4 Na5 12. cxd5 exd5 13. Nxb3 Ba4 14. Nfd2 Nb6
15. Bg4 O-O 16. Qf3 Nxb3 17. Nxb3 f5 18. exf6 Bxf6 19. Qd3 Bxb3 20. Qxb3 Bxd4
21. Bb2 Bxb2 22. Qxb2 Qf6 23. Qb3 Rad8 24. Rad1 Kh8 25. Bf3 Qg5 26. Rd4 Rf5 27.
g3 Qf6 28. Rd3 Rf8 29. Kg2 Nc4 30. Bxd5 Rxf2+ 31. Rxf2 Qxf2+ 32. Kh3 Ne5 33.
Rd1 Ng4 34. Bf7 Ne3 35. Qb4 Qf5+ 36. g4 Qf3+ 37. Kh4 Ng2+ 38. Kg5 Qf6+ 39. Kh5
Qh6# 0-1

[Event "GBR-ch82"]
[Site "Swansea"]
[Date "1995.08.01"]
[Round "2"]
[White "Cobb, Charles A"]
[Black "Bates, Richard A"]
[Result "1/2-1/2"]
[WhiteElo "2210"]
[BlackElo "2345"]
[PlyCount "28"]
[EventDate "1995.07.31"]
[EventType "swiss"]
[EventRounds "11"]
[EventCountry "GBR"]
[SourceTitle "BritBase"]
[Source "John Saunders"]
[SourceDate "2023.06.01"]
[SourceVersion "1"]
[SourceVersionDate "2023.06.01"]
[SourceQuality "1"]

1. e4 c5 2. c3 e6 3. d4 d5 4. e5 Nc6 5. Nf3 Bd7 6. Be2 Nge7 7. O-O Nf5 8. Bd3
cxd4 9. Bxf5 exf5 10. Nxd4 Nxd4 11. cxd4 Be6 12. Qb3 Qb6 13. Qxb6 axb6 14. Nc3
Kd7 1/2-1/2

[Event "GBR-ch82"]
[Site "Swansea"]
[Date "1995.08.01"]
[Round "2"]
[White "Ferguson, Mark"]
[Black "Howell, James C"]
[Result "1/2-1/2"]
[WhiteElo "2360"]
[BlackElo "2525"]
[PlyCount "28"]
[EventDate "1995.07.31"]
[EventType "swiss"]
[EventRounds "11"]
[EventCountry "GBR"]
[SourceTitle "BritBase"]
[Source "John Saunders"]
[SourceDate "2023.06.01"]
[SourceVersion "1"]
[SourceVersionDate "2023.06.01"]
[SourceQuality "1"]

1. d4 Nf6 2. Nf3 g6 3. Bf4 Bg7 4. e3 d6 5. Be2 O-O 6. h3 c5 7. c3 Qb6 8. Qb3
Be6 9. Qxb6 axb6 10. a3 Nc6 11. Nbd2 Na5 12. O-O Rfc8 13. Rfc1 Nb3 14. Nxb3
Bxb3 1/2-1/2

[Event "GBR-ch82"]
[Site "Swansea"]
[Date "1995.08.01"]
[Round "2"]
[White "Hebden, Mark L"]
[Black "Williams, Leighton"]
[Result "1-0"]
[WhiteElo "2570"]
[BlackElo "2135"]
[PlyCount "57"]
[EventDate "1995.07.31"]
[EventType "swiss"]
[EventRounds "11"]
[EventCountry "GBR"]
[SourceTitle "BritBase"]
[Source "John Saunders"]
[SourceDate "2023.06.01"]
[SourceVersion "1"]
[SourceVersionDate "2023.06.01"]
[SourceQuality "1"]

1. d4 Nf6 2. Nf3 g6 3. Nc3 d5 4. Bf4 Bg7 5. e3 O-O 6. Be2 Bg4 7. Ne5 Bxe2 8.
Qxe2 c6 9. h4 Nbd7 10. O-O-O Nh5 11. g4 Nxf4 12. exf4 e6 13. h5 f6 14. Nxg6 Re8
15. h6 hxg6 16. hxg7 Kxg7 17. Qe3 f5 18. g5 Qe7 19. Rh3 Rh8 20. Rdh1 Rag8 21.
Ne2 Qe8 22. Qa3 Rxh3 23. Rxh3 a6 24. Qd6 Qf7 25. Qc7 Qe7 26. Ng1 Re8 27. Nf3
Kg8 28. Qxb7 Rb8 29. Qxc6 1-0

[Event "GBR-ch82"]
[Site "Swansea"]
[Date "1995.08.01"]
[Round "2"]
[White "Hennigan, Michael T"]
[Black "Cobb, James E"]
[Result "1-0"]
[WhiteElo "2465"]
[BlackElo "2280"]
[PlyCount "75"]
[EventDate "1995.07.31"]
[EventType "swiss"]
[EventRounds "11"]
[EventCountry "GBR"]
[SourceTitle "BritBase"]
[Source "John Saunders"]
[SourceDate "2023.06.01"]
[SourceVersion "1"]
[SourceVersionDate "2023.06.01"]
[SourceQuality "1"]

1. Nf3 Nf6 2. g3 e6 3. Bg2 d5 4. O-O Be7 5. d3 c5 6. Nbd2 Nc6 7. e4 b6 8. Re1
Bb7 9. c3 Qc7 10. Nf1 O-O-O 11. e5 Nd7 12. d4 h6 13. h4 Rdg8 14. N1h2 g5 15.
hxg5 hxg5 16. Ng4 f6 17. exf6 Nxf6 18. Nxg5 Nxg4 19. Qxg4 Bxg5 20. Bxg5 Qd7 21.
Qf4 Rf8 22. Qe3 e5 23. dxe5 d4 24. Qe4 Qf7 25. Bf6 Rh5 26. cxd4 Kb8 27. d5 Nd4
28. g4 Rhh8 29. Rad1 Rh7 30. Rxd4 cxd4 31. Qxd4 Qg6 32. Qf4 Ka8 33. g5 Qh5 34.
e6 Rc8 35. e7 a6 36. Bf3 Qf7 37. Qe4 Rh3 38. e8=Q 1-0

[Event "GBR-ch82"]
[Site "Swansea"]
[Date "1995.08.01"]
[Round "2"]
[White "Hunt, Harriet"]
[Black "Sadler, Matthew D"]
[Result "0-1"]
[WhiteElo "2385"]
[BlackElo "2575"]
[PlyCount "96"]
[EventDate "1995.07.31"]
[EventType "swiss"]
[EventRounds "11"]
[EventCountry "GBR"]
[SourceTitle "BritBase"]
[Source "John Saunders"]
[SourceDate "2023.06.01"]
[SourceVersion "1"]
[SourceVersionDate "2023.06.01"]
[SourceQuality "1"]

1. e4 c5 2. Nf3 e6 3. d4 cxd4 4. Nxd4 Nc6 5. Nb5 d6 6. c4 Nf6 7. N1c3 a6 8. Na3
Be7 9. Be2 O-O 10. O-O b6 11. f4 Bb7 12. Bf3 Rc8 13. Be3 Re8 14. Rc1 Bf8 15.
Qd2 Qc7 16. Qf2 Nd7 17. Rfd1 Ba8 18. Rd2 Qb8 19. e5 Nc5 20. Bxc6 Bxc6 21. b4
Nd7 22. exd6 Bxd6 23. c5 Bf8 24. Nc2 bxc5 25. bxc5 e5 26. f5 Nf6 27. Rb1 Qc7
28. h3 Ba8 29. Nb4 Bxc5 30. Nbd5 Nxd5 31. Nxd5 Bxd5 32. Rxd5 Bf8 33. Rbd1 Qc4
34. f6 g6 35. Rd7 Qe6 36. Qh4 Rc4 37. g4 Rc2 38. a4 Qc6 39. Qg3 Qxa4 40. Qf3 e4
41. Qf4 Re2 42. Kf1 Rb2 43. R7d4 Qb5+ 44. Kg1 a5 45. Rd5 Qe2 46. R5d2 Rxd2 47.
Rxd2 Qe1+ 48. Kg2 a4 0-1

[Event "GBR-ch82"]
[Site "Swansea"]
[Date "1995.08.01"]
[Round "2"]
[White "Kelly, Brian R"]
[Black "Ledger, Andrew J"]
[Result "1/2-1/2"]
[WhiteElo "2300"]
[BlackElo "2410"]
[PlyCount "64"]
[EventDate "1995.07.31"]
[EventType "swiss"]
[EventRounds "11"]
[EventCountry "GBR"]
[SourceTitle "BritBase"]
[Source "John Saunders"]
[SourceDate "2023.06.01"]
[SourceVersion "1"]
[SourceVersionDate "2023.06.01"]
[SourceQuality "1"]

1. c4 e5 2. g3 Nf6 3. Bg2 Nc6 4. Nc3 Bc5 5. e3 O-O 6. Nge2 Re8 7. O-O a6 8. d4
Bf8 9. h3 d6 10. d5 Ne7 11. e4 Ng6 12. Qd3 Bd7 13. Be3 h6 14. b4 Nh7 15. c5 Be7
16. h4 Qc8 17. Rac1 Bh3 18. cxd6 Bxd6 19. Bc5 Qg4 20. f3 Qd7 21. Kh2 Bxg2 22.
Kxg2 Rf8 23. Nd1 Ne7 24. Ne3 f5 25. exf5 Nxf5 26. Nxf5 Rxf5 27. Nc3 Raf8 28.
Ne4 R5f7 29. Rf2 Nf6 30. Nxf6+ Rxf6 31. a3 Rd8 32. Rd2 Rdf8 1/2-1/2

[Event "GBR-ch82"]
[Site "Swansea"]
[Date "1995.08.01"]
[Round "2"]
[White "Ledger, Stephen C"]
[Black "Summerscale, Aaron P"]
[Result "0-1"]
[WhiteElo "2260"]
[BlackElo "2455"]
[PlyCount "64"]
[EventDate "1995.07.31"]
[EventType "swiss"]
[EventRounds "11"]
[EventCountry "GBR"]
[SourceTitle "BritBase"]
[Source "John Saunders"]
[SourceDate "2023.06.01"]
[SourceVersion "1"]
[SourceVersionDate "2023.06.01"]
[SourceQuality "1"]

1. d4 Nf6 2. Nf3 d5 3. Bf4 c5 4. c3 Nc6 5. e3 Qb6 6. Qb3 c4 7. Qxb6 axb6 8. Na3
e6 9. Nb5 Ra5 10. a4 Na7 11. Nc7+ Kd7 12. Na8 b5 13. Bc7 Rxa4 14. Rxa4 bxa4 15.
Ne5+ Ke8 16. Bb8 Nb5 17. Nb6 Nd7 18. Nexd7 Bxd7 19. Nxa4 Nxd4 20. Nb6 Nb3 21.
Nxd7 Kxd7 22. Bg3 Bd6 23. Be2 Ra8 24. O-O Ra2 25. Rd1 b5 26. e4 Bxg3 27. hxg3
Rxb2 28. Bg4 d4 29. cxd4 c3 30. d5 c2 31. dxe6+ Ke8 32. exf7+ Kxf7 0-1

[Event "GBR-ch82"]
[Site "Swansea"]
[Date "1995.08.01"]
[Round "2"]
[White "Mah, Karl"]
[Black "Barnes, Michael H"]
[Result "1-0"]
[WhiteElo "2200"]
[BlackElo "2295"]
[PlyCount "93"]
[EventDate "1995.07.31"]
[EventType "swiss"]
[EventRounds "11"]
[EventCountry "GBR"]
[SourceTitle "BritBase"]
[Source "John Saunders"]
[SourceDate "2023.06.01"]
[SourceVersion "1"]
[SourceVersionDate "2023.06.01"]
[SourceQuality "1"]

1. d4 d5 2. c4 c6 3. Nc3 e5 4. cxd5 cxd5 5. dxe5 d4 6. Ne4 Qa5+ 7. Nd2 Nc6 8.
g3 Nxe5 9. Bg2 Nf6 10. Ngf3 Nxf3+ 11. Bxf3 Bb4 12. O-O Bh3 13. Bxb7 Rb8 14.
Bc6+ Nd7 15. Nb3 Qc7 16. Bg2 Bxg2 17. Kxg2 O-O 18. Qxd4 Nc5 19. Nxc5 Bxc5 20.
Qc3 Rfe8 21. Qf3 Qe7 22. e3 Qe5 23. Rb1 Qe6 24. b3 a5 25. Bb2 a4 26. Bc3 Rec8
27. bxa4 Qxa2 28. Rxb8 Rxb8 29. Qg4 Bf8 30. Ra1 Qb3 31. Bd4 Ra8 32. Qd7 h5 33.
a5 Qd3 34. Qd5 Ra6 35. Rc1 h4 36. g4 h3+ 37. Kxh3 Rd6 38. Qe5 Qe2 39. Qf4 Rg6
40. a6 Bd6 41. Qf5 Rg5 42. Rc8+ Bf8 43. Rxf8+ Kxf8 44. Qc8+ Ke7 45. Bc5+ Rxc5
46. Qxc5+ Kd7 47. Qd5+ 1-0

[Event "GBR-ch82"]
[Site "Swansea"]
[Date "1995.08.01"]
[Round "2"]
[White "Martin, David"]
[Black "Williams, Simon Kim"]
[Result "1/2-1/2"]
[WhiteElo "2180"]
[BlackElo "2250"]
[PlyCount "25"]
[EventDate "1995.07.31"]
[EventType "swiss"]
[EventRounds "11"]
[EventCountry "GBR"]
[SourceTitle "BritBase"]
[Source "John Saunders"]
[SourceDate "2023.06.01"]
[SourceVersion "1"]
[SourceVersionDate "2023.06.01"]
[SourceQuality "1"]

1. d4 e6 2. c4 f5 3. Nf3 Nf6 4. g3 d6 5. Bg2 Be7 6. Nc3 O-O 7. Qc2 d5 8. cxd5
exd5 9. Bg5 c6 10. h4 Na6 11. Rd1 Nc7 12. Bxf6 Bxf6 13. Bh3 1/2-1/2

[Event "GBR-ch82"]
[Site "Swansea"]
[Date "1995.08.01"]
[Round "2"]
[White "Mason, Donald J"]
[Black "Menadue, Jeremy FS"]
[Result "1/2-1/2"]
[WhiteElo "2295"]
[BlackElo "2255"]
[PlyCount "58"]
[EventDate "1995.07.31"]
[EventType "swiss"]
[EventRounds "11"]
[EventCountry "GBR"]
[SourceTitle "BritBase"]
[Source "John Saunders"]
[SourceDate "2023.06.01"]
[SourceVersion "1"]
[SourceVersionDate "2023.06.01"]
[SourceQuality "1"]

1. e4 Nf6 2. e5 Nd5 3. c4 Nb6 4. c5 Nd5 5. Bc4 e6 6. Nc3 Nxc3 7. dxc3 Nc6 8.
Bf4 Bxc5 9. Qg4 g5 10. Bxg5 Rg8 11. Bxd8 Rxg4 12. Be2 Rxg2 13. Bxc7 Rxf2 14.
Nh3 Rf5 15. Bg4 Rxe5+ 16. Bxe5 Nxe5 17. Bh5 Be3 18. Ke2 Bh6 19. Rag1 Ng6 20.
Bf3 Rb8 21. Ng5 b6 22. Nxh7 Ke7 23. h4 Ne5 24. Rh3 Ba6+ 25. Kd1 Bd3 26. Ng5 f6
27. Be4 fxg5 28. Bxd3 g4 29. Rhg3 Bf4 1/2-1/2

[Event "GBR-ch82"]
[Site "Swansea"]
[Date "1995.08.01"]
[Round "2"]
[White "Nelson, Jonathan P"]
[Black "Fish, Andrew"]
[Result "1-0"]
[WhiteElo "2255"]
[BlackElo "2165"]
[PlyCount "71"]
[EventDate "1995.07.31"]
[EventType "swiss"]
[EventRounds "11"]
[EventCountry "GBR"]
[SourceTitle "BritBase"]
[Source "John Saunders"]
[SourceDate "2023.06.01"]
[SourceVersion "1"]
[SourceVersionDate "2023.06.01"]
[SourceQuality "1"]

1. e4 e6 2. d4 d5 3. Nd2 Nf6 4. e5 Nfd7 5. c3 c5 6. Bd3 Nc6 7. Ngf3 Qb6 8. O-O
cxd4 9. cxd4 Nxd4 10. Nxd4 Qxd4 11. Nf3 Qb6 12. Qc2 Qc5 13. Qe2 Qb6 14. Bd2 Nc5
15. Be3 Qb4 16. a3 Qb3 17. Bc2 Qc4 18. Qd1 Bd7 19. b4 Ne4 20. Bd3 Qc7 21. Rc1
Qd8 22. Nd4 f5 23. Bb5 Bxb5 24. Nxb5 Rc8 25. Qa4 Kf7 26. Qxa7 Be7 27. f3 Qd7
28. a4 Ra8 29. Qb6 Bd8 30. Qd4 Rxa4 31. fxe4 Qxb5 32. exf5 Rxb4 33. Qd1 Rf8 34.
fxe6+ Kg8 35. Rxf8+ Kxf8 36. Qf3+ 1-0

[Event "GBR-ch82"]
[Site "Swansea"]
[Date "1995.08.01"]
[Round "2"]
[White "Parker, Jonathan F"]
[Black "Coleman, David J"]
[Result "1-0"]
[WhiteElo "2415"]
[BlackElo "2255"]
[PlyCount "59"]
[EventDate "1995.07.31"]
[EventType "swiss"]
[EventRounds "11"]
[EventCountry "GBR"]
[SourceTitle "BritBase"]
[Source "John Saunders"]
[SourceDate "2023.06.01"]
[SourceVersion "1"]
[SourceVersionDate "2023.06.01"]
[SourceQuality "1"]

1. g3 c5 2. Bg2 g6 3. f4 Bg7 4. Nf3 Nc6 5. O-O f5 6. d3 Nf6 7. c4 O-O 8. Nc3 d6
9. e4 Ng4 10. exf5 gxf5 11. h3 Nh6 12. Be3 Nd4 13. Qd2 Nf7 14. Rae1 Kh8 15. b4
Rb8 16. bxc5 dxc5 17. Bf2 Rg8 18. Nxd4 cxd4 19. Ne2 Qd6 20. Rb1 b6 21. Qb4 Qd8
22. c5 Ba6 23. Qa3 Bb7 24. c6 Ba8 25. Qxa7 Rc8 26. Qxb6 e5 27. fxe5 Nxe5 28.
Qxd8 Rgxd8 29. Nxd4 Nxd3 30. Ne6 1-0

[Event "GBR-ch82"]
[Site "Swansea"]
[Date "1995.08.02"]
[Round "3"]
[White "Bates, Richard A"]
[Black "Yeo, Michael J"]
[Result "1/2-1/2"]
[WhiteElo "2345"]
[BlackElo "2210"]
[PlyCount "67"]
[EventDate "1995.07.31"]
[EventType "swiss"]
[EventRounds "11"]
[EventCountry "GBR"]
[SourceTitle "BritBase"]
[Source "John Saunders"]
[SourceDate "2023.06.01"]
[SourceVersion "1"]
[SourceVersionDate "2023.06.01"]
[SourceQuality "1"]

1. d4 d5 2. c4 Nc6 3. Nf3 Bg4 4. Nc3 e6 5. Bg5 Be7 6. Bxe7 Ngxe7 7. e3 O-O 8.
cxd5 exd5 9. a3 Re8 10. Be2 Nc8 11. O-O N6e7 12. Qb3 Rb8 13. Rac1 c6 14. Na4
Nd6 15. Nc5 Nef5 16. Qc2 Bxf3 17. Bxf3 Qg5 18. Kh1 Nh4 19. Qe2 Ndf5 20. Rfd1
Re7 21. g3 Nxf3 22. Qxf3 Rd8 23. Rc3 h5 24. Rb3 b6 25. Nd3 Re4 26. Rc3 h4 27.
Nf4 hxg3 28. hxg3 Rd6 29. Rdc1 Rh6+ 30. Kg1 Nh4 31. Qe2 Nf5 32. Qf3 Nh4 33. Qe2
Nf5 34. Qf3 1/2-1/2

[Event "GBR-ch82"]
[Site "Swansea"]
[Date "1995.08.02"]
[Round "3"]
[White "Cobb, Charles A"]
[Black "Hunt, Harriet"]
[Result "0-1"]
[WhiteElo "2210"]
[BlackElo "2385"]
[PlyCount "88"]
[EventDate "1995.07.31"]
[EventType "swiss"]
[EventRounds "11"]
[EventCountry "GBR"]
[SourceTitle "BritBase"]
[Source "John Saunders"]
[SourceDate "2023.06.01"]
[SourceVersion "1"]
[SourceVersionDate "2023.06.01"]
[SourceQuality "1"]

1. e4 c6 2. d4 d5 3. f3 e6 4. Nc3 Bb4 5. Qd3 b6 6. Nge2 Ba6 7. Qe3 c5 8. a3
Bxc3+ 9. Nxc3 Bxf1 10. Kxf1 Nc6 11. exd5 cxd4 12. Qd3 dxc3 13. dxc6 Qxd3+ 14.
cxd3 cxb2 15. Bxb2 f6 16. Kf2 Ne7 17. Rhc1 Rc8 18. a4 Nxc6 19. a5 b5 20. a6 Kd7
21. Rc5 Nb4 22. Rxb5 Rc2+ 23. Kg3 Rxb2 24. Rb7+ Kc6 25. Rxa7 Nxd3 26. Rxg7 Ra8
27. a7 h5 28. Ra6+ Rb6 29. Ra5 Rb5 30. Ra6+ Rb6 31. Ra5 Nc5 32. Kh4 Nb7 33.
Rxh5 Rxa7 34. Rh6 Ra4+ 35. Kh3 Kd5 36. Rxf6 Nc5 37. Rg5+ Kd6 38. Rgg6 Ke7 39.
Rf5 Nd3 40. Rg7+ Kd6 41. Rfg5 Nf4+ 42. Kg3 Rb2 43. Kh4 Nxg2+ 44. Kg3 Nf4 0-1

[Event "GBR-ch82"]
[Site "Swansea"]
[Date "1995.08.02"]
[Round "3"]
[White "Cobb, James E"]
[Black "Cooksey, Paul S"]
[Result "1-0"]
[WhiteElo "2280"]
[BlackElo "2115"]
[PlyCount "87"]
[EventDate "1995.07.31"]
[EventType "swiss"]
[EventRounds "11"]
[EventCountry "GBR"]
[SourceTitle "BritBase"]
[Source "John Saunders"]
[SourceDate "2023.06.01"]
[SourceVersion "1"]
[SourceVersionDate "2023.06.01"]
[SourceQuality "1"]

1. e4 c5 2. c3 Nf6 3. e5 Nd5 4. Nf3 e6 5. d4 cxd4 6. cxd4 d6 7. Bc4 Nb6 8. Bd3
Bd7 9. Nc3 Bc6 10. O-O N8d7 11. Bf4 dxe5 12. dxe5 Nc5 13. Be2 Nd5 14. Nxd5 Qxd5
15. Qxd5 exd5 16. Be3 Ne6 17. Nd4 Nxd4 18. Bxd4 Be7 19. f4 f5 20. exf6 Bxf6 21.
Bxf6 gxf6 22. Rfe1 O-O-O 23. Bd3 h5 24. Re6 Rdf8 25. b4 Kd7 26. Rae1 a6 27.
Re7+ Kd8 28. Bg6 h4 29. Kf2 Rfg8 30. f5 Kc8 31. Rf7 Rf8 32. Rd1 Rxf7 33. Bxf7
Kc7 34. Bxd5 Rh5 35. Be6 Rg5 36. g3 hxg3+ 37. hxg3 Rg4 38. a3 Rg5 39. Rd4 Rg7
40. g4 Be8 41. Kg3 a5 42. bxa5 Kc6 43. Kf4 Kc5 44. Rd5+ 1-0

[Event "GBR-ch82"]
[Site "Swansea"]
[Date "1995.08.02"]
[Round "3"]
[White "Howell, James C"]
[Black "Cooper, Lawrence"]
[Result "1-0"]
[WhiteElo "2525"]
[BlackElo "2315"]
[PlyCount "97"]
[EventDate "1995.07.31"]
[EventType "swiss"]
[EventRounds "11"]
[EventCountry "GBR"]
[SourceTitle "BritBase"]
[Source "John Saunders"]
[SourceDate "2023.06.01"]
[SourceVersion "1"]
[SourceVersionDate "2023.06.01"]
[SourceQuality "1"]

1. e4 e5 2. Nf3 Nc6 3. Bb5 a6 4. Ba4 Nf6 5. O-O Be7 6. Qe2 b5 7. Bb3 O-O 8. c3
d6 9. Rd1 Na5 10. Bc2 c5 11. d4 Qc7 12. d5 c4 13. b4 cxb3 14. axb3 Bd7 15. Ba3
Bd8 16. Nbd2 Qb8 17. Bd3 Bb6 18. b4 Nb7 19. c4 Ng4 20. Rf1 a5 21. Rab1 axb4 22.
Bxb4 Nc5 23. Bxc5 Bxc5 24. cxb5 Ra2 25. h3 Nf6 26. Bc4 Ra4 27. Ne1 Bb4 28. Nb3
Rc8 29. Bd3 g6 30. Nc2 Bc3 31. Kh2 Nh5 32. g3 Ra2 33. Nc1 Ra4 34. Qe3 Rc7 35.
Ne2 Ba5 36. Rb2 Rb7 37. Rfb1 Bb6 38. Qf3 Bc5 39. Nc3 Ra8 40. Bf1 Qc7 41. Nb4
Bxb4 42. Rxb4 Qb6 43. Qe3 Qd8 44. b6 f5 45. exf5 Bxf5 46. R1b2 Nf6 47. f4 exf4
48. Qxf4 Ra3 49. Nb5 1-0

[Event "GBR-ch82"]
[Site "Swansea"]
[Date "1995.08.02"]
[Round "3"]
[White "Jackson, Oliver"]
[Black "Buckley, Graeme N"]
[Result "1/2-1/2"]
[WhiteElo "2200"]
[BlackElo "2355"]
[PlyCount "177"]
[EventDate "1995.07.31"]
[EventType "swiss"]
[EventRounds "11"]
[EventCountry "GBR"]
[SourceTitle "BritBase"]
[Source "John Saunders"]
[SourceDate "2023.06.01"]
[SourceVersion "1"]
[SourceVersionDate "2023.06.01"]
[SourceQuality "1"]

1. e4 c5 2. Nc3 e6 3. f4 d5 4. Nf3 dxe4 5. Bb5+ Bd7 6. Bxd7+ Nxd7 7. Nxe4 Ngf6
8. d3 Qc7 9. O-O Be7 10. Qe2 O-O 11. Bd2 c4 12. Nxf6+ Nxf6 13. d4 Nd5 14. c3 b5
15. Ne5 Bd6 16. Rf3 Rfe8 17. Raf1 f6 18. Ng4 a5 19. Qf2 f5 20. Ne5 b4 21. Re1
bxc3 22. Bxc3 a4 23. a3 Rab8 24. Qe2 Bxe5 25. Qxe5 Qd7 26. Rc1 Rec8 27. Rf2 Nf6
28. Rfc2 Rb5 29. Qe2 h6 30. Bd2 Kh7 31. Be3 Qb7 32. h3 Nd5 33. Bd2 Qb6 34. Kh1
Rc6 35. g4 Qxd4 36. gxf5 exf5 37. Rxc4 Rxc4 38. Rxc4 Qxb2 39. Qd3 Qb1+ 40. Qxb1
Rxb1+ 41. Kg2 Rb2 42. Rd4 Nxf4+ 43. Rxf4 Rxd2+ 44. Kg1 Rd3 45. Kg2 Rxa3 46.
Rxf5 Ra1 47. Ra5 a3 48. Ra6 a2 49. h4 g5 50. hxg5 hxg5 51. Kh2 Kg7 52. Kg2 Kf7
53. Kh2 Ke7 54. Kg2 Kd7 55. Kh2 Kc7 56. Kg2 Kb7 57. Ra3 Kc6 58. Ra8 Kb6 59. Ra3
Kb5 60. Ra8 Kc5 61. Ra7 Kd5 62. Ra8 Ke4 63. Ra7 Kd3 64. Ra8 Kc4 65. Ra7 Kb3 66.
Rb7+ Ka4 67. Ra7+ Kb3 68. Rb7+ Kc2 69. Ra7 Kd2 70. Ra8 Ke3 71. Ra7 Kf4 72. Ra8
Kg4 73. Ra7 Kh4 74. Rh7+ Kg4 75. Ra7 Rb1 76. Ra4+ Kh5 77. Rxa2 Kh4 78. Ra4+ g4
79. Ra2 Rb4 80. Rc2 Rb5 81. Ra2 Re5 82. Rb2 Re4 83. Ra2 g3 84. Rb2 Kg4 85. Ra2
Rf4 86. Rb2 Rf6 87. Rb4+ Rf4 88. Rb1 Ra4 89. Rb2 1/2-1/2

[Event "GBR-ch82"]
[Site "Swansea"]
[Date "1995.08.02"]
[Round "3"]
[White "Levitt, Jonathan P"]
[Black "Nelson, Jonathan P"]
[Result "1-0"]
[WhiteElo "2420"]
[BlackElo "2255"]
[PlyCount "71"]
[EventDate "1995.07.31"]
[EventType "swiss"]
[EventRounds "11"]
[EventCountry "GBR"]
[SourceTitle "BritBase"]
[Source "John Saunders"]
[SourceDate "2023.06.01"]
[SourceVersion "1"]
[SourceVersionDate "2023.06.01"]
[SourceQuality "1"]

1. d4 Nf6 2. c4 c5 3. d5 b5 4. cxb5 a6 5. f3 g6 6. e4 d6 7. a4 Bg7 8. Na3 O-O
9. Ne2 e6 10. dxe6 Bxe6 11. Nf4 d5 12. Be2 axb5 13. Nxb5 Nc6 14. O-O Qd7 15.
exd5 Nxd5 16. Nxd5 Bxd5 17. Be3 Qe7 18. Bf2 Rfd8 19. Qc2 Nd4 20. Nxd4 cxd4 21.
Bd3 Qg5 22. Qc1 Qh5 23. Bg3 Bh6 24. Bf4 Rac8 25. Qd2 g5 26. g4 Qh3 27. Bg3 f6
28. a5 Bf8 29. Bf5 Rc4 30. Rac1 Bc5 31. Qd3 Rxc1 32. Rxc1 Bd6 33. Bxd6 Bxf3 34.
Qb3+ Kh8 35. Rc2 Re8 36. Be7 1-0

[Event "GBR-ch82"]
[Site "Swansea"]
[Date "1995.08.02"]
[Round "3"]
[White "McShane, Luke J"]
[Black "Mason, Donald J"]
[Result "1-0"]
[WhiteElo "2170"]
[BlackElo "2295"]
[PlyCount "123"]
[EventDate "1995.07.31"]
[EventType "swiss"]
[EventRounds "11"]
[EventCountry "GBR"]
[SourceTitle "BritBase"]
[Source "John Saunders"]
[SourceDate "2023.06.01"]
[SourceVersion "1"]
[SourceVersionDate "2023.06.01"]
[SourceQuality "1"]

1. e4 e6 2. d4 d5 3. Nd2 Nf6 4. e5 Nfd7 5. f4 c5 6. c3 Nc6 7. Ndf3 Qb6 8. Ne2
cxd4 9. cxd4 Be7 10. g3 f6 11. Bh3 O-O 12. exf6 Nxf6 13. O-O Bd7 14. Kg2 Kh8
15. Nc3 Be8 16. Bxe6 Bh5 17. Ne2 Rae8 18. h3 Bd6 19. f5 Bxf3+ 20. Rxf3 Nd8 21.
Rb3 Qa6 22. Nf4 Bxf4 23. Bxf4 Nxe6 24. fxe6 Rxe6 25. Qf1 Rc8 26. Qxa6 bxa6 27.
Rc1 Rxc1 28. Bxc1 h5 29. Rb7 Rc6 30. Bf4 Rb6 31. Rb8+ Kh7 32. Bc7 Rc6 33. Rb7
Kg6 34. Rxa7 Kf5 35. Kf3 g5 36. Ke3 g4 37. h4 Re6+ 38. Be5 Ne4 39. Rg7 Rb6 40.
b3 Rc6 41. Rc7 Re6 42. Rf7+ Kg6 43. Rg7+ Kh6 44. Rd7 Nxg3 45. Kf4 Ne2+ 46. Kf5
Re8 47. Rd6+ Kh7 48. Kg5 g3 49. Rd7+ Kg8 50. Rg7+ Kf8 51. Kf6 Rc8 52. Bd6+ Ke8
53. Bxg3 Nxd4 54. Ke5 Ne2 55. Ke6 Kf8 56. Rf7+ Kg8 57. Bd6 Re8+ 58. Kf6 Nd4 59.
Rg7+ Kh8 60. Rg5 Re6+ 61. Kf7 Kh7 62. Be5 1-0

[Event "GBR-ch82"]
[Site "Swansea"]
[Date "1995.08.02"]
[Round "3"]
[White "Menadue, Jeremy FS"]
[Black "Ferguson, Mark"]
[Result "1/2-1/2"]
[WhiteElo "2255"]
[BlackElo "2360"]
[PlyCount "29"]
[EventDate "1995.07.31"]
[EventType "swiss"]
[EventRounds "11"]
[EventCountry "GBR"]
[SourceTitle "BritBase"]
[Source "John Saunders"]
[SourceDate "2023.06.01"]
[SourceVersion "1"]
[SourceVersionDate "2023.06.01"]
[SourceQuality "1"]

1. d4 d5 2. c4 c6 3. Nf3 Nf6 4. Nc3 e6 5. Bg5 h6 6. Bxf6 Qxf6 7. Qb3 Nd7 8. e4
dxe4 9. Nxe4 Qf4 10. Bd3 Nf6 11. Ng3 Qc7 12. O-O Qb6 13. Qc2 Bd7 14. Rad1 O-O-O
15. c5 1/2-1/2

[Event "GBR-ch82"]
[Site "Swansea"]
[Date "1995.08.02"]
[Round "3"]
[White "Pert, Nicholas"]
[Black "Ledger, Stephen C"]
[Result "1/2-1/2"]
[WhiteElo "2160"]
[BlackElo "2260"]
[PlyCount "149"]
[EventDate "1995.07.31"]
[EventType "swiss"]
[EventRounds "11"]
[EventCountry "GBR"]
[SourceTitle "BritBase"]
[Source "John Saunders"]
[SourceDate "2023.06.01"]
[SourceVersion "1"]
[SourceVersionDate "2023.06.01"]
[SourceQuality "1"]

1. d4 Nf6 2. Nf3 c5 3. d5 b5 4. Bg5 Qb6 5. a4 b4 6. Nbd2 Nxd5 7. e4 Nc7 8. Bd3
Ba6 9. O-O Nc6 10. e5 h6 11. Bxa6 Qxa6 12. Be3 Ne6 13. Ne4 Qc4 14. Nfd2 Qd5 15.
f4 Ned4 16. Ng3 g6 17. Nb3 Qc4 18. Bxd4 Nxd4 19. Nxd4 cxd4 20. Qd3 Rc8 21. Rac1
Bg7 22. Rfd1 O-O 23. Qxd4 Qxd4+ 24. Rxd4 d6 25. Rxb4 dxe5 26. f5 Rc7 27. c3 Rd8
28. fxg6 fxg6 29. Ne4 a5 30. Rb5 Rc4 31. Nc5 Rc8 32. Nb3 Rxa4 33. Rxa5 Rf4 34.
Nc5 Bf6 35. Nd3 Rf5 36. g4 Rg5 37. Nf2 e4 38. Rxg5 Bxg5 39. Re1 Bd2 40. Rxe4
Rb8 41. Nd1 Kf7 42. Kf2 Kf6 43. Re2 Bf4 44. Kf3 g5 45. Nf2 Rb3 46. Ne4+ Kf7 47.
Nc5 Rb6 48. Nd3 Bd6 49. Ke4 Ke6 50. Kd4+ Kd7 51. b4 Rb8 52. Rb2 h5 53. gxh5 Rh8
54. Nc5+ Kc6 55. Ne4 Rxh5 56. Nxd6 exd6 57. b5+ Kb6 58. Kd5 Rh3 59. c4 Rd3+ 60.
Ke4 Rd1 61. Rb3 Re1+ 62. Kd4 g4 63. Rg3 Rd1+ 64. Rd3 Rc1 65. Rd2 Rf1 66. Kd5
Kc7 67. Ra2 Rd1+ 68. Ke4 Rc1 69. Ra7+ Kb8 70. Ra4 Rc2 71. Kd5 Rxh2 72. Kc6 g3
73. b6 Rh7 74. Ra1 Rh4 75. Rg1 1/2-1/2